[Event "LSV Turm Lippstadt 1 - SF Katernberg 2"]
[Site "NRW-Klasse, Gruppe 1 2015/201"]
[Date "2016.04.03"]
[Round "8.2"]
[White "Wagner, Alexej"]
[Black "Wessendorf, Thomas"]
[Result "1/2-1/2"]
[WhiteElo "2236"]
[BlackElo "2225"]
[PlyCount "152"]
[EventDate "2016.??.??"]
[WhiteTeam "LSV Turm Lippstadt 1"]
[BlackTeam "SF Katernberg 2"]

1. d4 g6 2. c4 Bg7 3. Nc3 c5 4. d5 f5 5. Qc2 Nf6 6. Nf3 d6 7. e3 Na6 8. a3 Nc7
9. Bd3 O-O 10. O-O Rb8 11. b4 b6 12. Bb2 e5 13. dxe6 Nxe6 14. Rad1 Bb7 15. Be2
Qe7 16. Rfe1 Rbd8 17. Qa4 Ne4 18. Qb3 Bh6 19. Nd5 Qf7 20. Ba1 Bg7 21. Bb2 Bc6
22. b5 Bxd5 23. Rxd5 Bxb2 24. Qxb2 Qf6 25. Qxf6 Rxf6 26. Rc1 Nc7 27. Rdd1 Re6
28. Rd3 Kg7 29. Bd1 h6 30. Bb3 Kf6 31. Kf1 Ke7 32. a4 g5 33. Ra1 a5 34. Rad1
Rf8 35. Nd2 Nf6 36. Nb1 Ng4 37. h3 Ne5 38. R3d2 f4 39. e4 h5 40. f3 g4 41. hxg4
hxg4 42. Kf2 Rh6 43. Rf1 Rh2 44. Ke1 gxf3 45. gxf3 Rh3 46. Rg2 Nxf3+ 47. Kf2
Rf7 48. Bd1 Ne5 49. Nd2 Nd3+ 50. Kg1 Rfh7 51. Re2 Rh1+ 52. Kg2 R7h2+ 53. Kf3
Rh3+ 54. Kg2 f3+ 55. Rxf3 Rxf3 56. Kxh1 Rh3+ 57. Kg1 Ne6 58. Nf1 Ne5 59. Ne3
Nf4 60. Nf5+ Kd7 61. Rf2 Rd3 62. Bg4 Nh3+ 63. Bxh3 Rxh3 64. Rc2 Ra3 65. Rc1
Rxa4 66. Rd1 Nxc4 67. e5 Nxe5 68. Rxd6+ Kc7 69. Re6 Nd7 70. Rc6+ Kd8 71. Rh6
Rg4+ 72. Kh2 c4 73. Ne3 Rd4 74. Rc6 Nc5 75. Rxb6 c3 76. Rc6 Ne4 1/2-1/2

[Event "LSV Turm Lippstadt 1 - SF Katernberg 2"]
[Site "NRW-Klasse, Gruppe 1 2015/201"]
[Date "2016.04.03"]
[Round "8.3"]
[White "Bee, Marcus"]
[Black "Hecht, Carsten"]
[Result "1/2-1/2"]
[WhiteElo "2162"]
[BlackElo "2207"]
[PlyCount "40"]
[EventDate "2016.??.??"]
[WhiteTeam "SF Katernberg 2"]
[BlackTeam "LSV Turm Lippstadt 1"]

1. Nf3 Nf6 2. c4 g6 3. g3 Bg7 4. Bg2 d5 5. cxd5 Nxd5 6. Nc3 Nb6 7. O-O O-O 8.
d3 Nc6 9. Be3 e5 10. Rc1 Nd4 11. a3 c6 12. Ne4 Qe7 13. Nxd4 exd4 14. Bg5 f6 15.
Bd2 Nd5 16. Re1 Be6 17. Qc2 Rfe8 18. Qc5 Qd7 19. Qc2 Qe7 20. Qc5 Qd7 1/2-1/2

[Event "LSV Turm Lippstadt 1 - SF Katernberg 2"]
[Site "NRW-Klasse, Gruppe 1 2015/201"]
[Date "2016.04.03"]
[Round "8.4"]
[White "Meier, Jan"]
[Black "Gassmann, Volker"]
[Result "1/2-1/2"]
[WhiteElo "2041"]
[BlackElo "2128"]
[PlyCount "39"]
[EventDate "2016.??.??"]
[WhiteTeam "LSV Turm Lippstadt 1"]
[BlackTeam "SF Katernberg 2"]

1. d4 Nf6 2. c4 c5 3. d5 b5 4. cxb5 a6 5. bxa6 g6 6. Nc3 Bxa6 7. Nf3 d6 8. e4
Bxf1 9. Kxf1 Bg7 10. g3 O-O 11. Kg2 Nbd7 12. a4 Qb6 13. Re1 Rfb8 14. Nb5 Ne8
15. Nd2 Nc7 16. Nc4 Qb7 17. Nxc7 Qxc7 18. a5 Rb4 19. Qc2 Qb7 20. Bd2 1/2-1/2

[Event "LSV Turm Lippstadt 1 - SF Katernberg 2"]
[Site "NRW-Klasse, Gruppe 1 2015/201"]
[Date "2016.04.03"]
[Round "8.5"]
[White "Kaeding, Rainer"]
[Black "Grobbel, Rainer"]
[Result "1-0"]
[WhiteElo "2123"]
[BlackElo "2110"]
[PlyCount "101"]
[EventDate "2016.??.??"]
[WhiteTeam "SF Katernberg 2"]
[BlackTeam "LSV Turm Lippstadt 1"]

1. d4 d5 2. c4 e6 3. Nc3 Nf6 4. cxd5 exd5 5. Bg5 Be7 6. e3 c6 7. Bd3 O-O 8. Qc2
Nbd7 9. Nf3 Re8 10. O-O h6 11. Bf4 Nf8 12. h3 Bd6 13. Bxd6 Qxd6 14. Rab1 Be6
15. b4 b5 16. a4 a6 17. a5 Re7 18. Ne5 N6d7 19. Nf3 f6 20. Ne2 Bf7 21. Nh4 Qc7
22. Rfc1 Rc8 23. Nf5 Ree8 24. Neg3 Ne6 25. Qd1 Ndf8 26. Qg4 Kh8 27. Rb2 Red8
28. Rbc2 Be8 29. h4 Qf7 30. h5 Ng5 31. f4 Nge6 32. Kf2 Rc7 33. Nh4 Qd7 34. Qf3
Qd6 35. Rb2 Bf7 36. Ngf5 Qd7 37. g4 Bg8 38. Ng6+ Nxg6 39. hxg6 Qe8 40. Rh1 Nf8
41. Nxg7 Rxg7 42. Rxh6+ Bh7 43. gxh7 Qe7 44. Bf5 Re8 45. Rh3 Ne6 46. Bxe6 Qxe6
47. g5 Rxh7 48. Rxh7+ Kxh7 49. Qh5+ Kg7 50. Qh6+ Kg8 51. gxf6 1-0

[Event "LSV Turm Lippstadt 1 - SF Katernberg 2"]
[Site "NRW-Klasse, Gruppe 1 2015/201"]
[Date "2016.04.03"]
[Round "8.6"]
[White "Chapman, Alan John"]
[Black "Villwock, Martin"]
[Result "1/2-1/2"]
[WhiteElo "2015"]
[BlackElo "2072"]
[PlyCount "134"]
[EventDate "2016.??.??"]
[WhiteTeam "LSV Turm Lippstadt 1"]
[BlackTeam "SF Katernberg 2"]

1. e4 c5 2. Nf3 Nc6 3. d4 cxd4 4. Nxd4 Nf6 5. Nc3 e5 6. Ndb5 d6 7. Bg5 a6 8.
Na3 b5 9. Nd5 Be7 10. Bxf6 Bxf6 11. c3 Ne7 12. Nxf6+ gxf6 13. Qd2 Bb7 14. Bd3
Qb6 15. Nc2 f5 16. exf5 Bxg2 17. Rg1 Bb7 18. O-O-O d5 19. Qg5 Qd6 20. f6 Ng8
21. Rge1 O-O-O 22. Rxe5 h6 23. Bf5+ Kb8 24. Qg3 Nxf6 25. Re7 Rhg8 26. Qxd6+
Rxd6 27. Rxf7 Rg2 28. Re1 Rb6 29. Re6 Rxe6 30. Bxe6 Ne4 31. Ne3 Rg1+ 32. Kc2 d4
33. cxd4 Ng5 34. Rf8+ Kc7 35. Bf5 Nf3 36. Rf7+ Kb6 37. Rxb7+ Kxb7 38. Be4+ Kc7
39. Bxf3 Rg8 40. Kd3 a5 41. Nd5+ Kd6 42. Nc3 b4 43. Ne4+ Ke6 44. h3 Rg1 45.
Nc5+ Kf5 46. Be4+ Kf6 47. Kc4 Kg5 48. Kb5 Ra1 49. Kxa5 Rxa2+ 50. Na4 Kh4 51.
Bf5 Ra1 52. Kxb4 Rf1 53. d5 Rxf2 54. Be6 Kg5 55. Kc5 Kf6 56. b4 Rc2+ 57. Kb5
Ke7 58. Nc5 Rb2 59. d6+ Kxd6 60. Bg4 Kc7 61. Ka5 Ra2+ 62. Na4 Ra3 63. b5 h5 64.
b6+ Kb7 65. Be6 Rxa4+ 66. Kxa4 Kxb6 67. Bf7 Kc5 1/2-1/2

[Event "LSV Turm Lippstadt 1 - SF Katernberg 2"]
[Site "NRW-Klasse, Gruppe 1 2015/201"]
[Date "2016.04.03"]
[Round "8.7"]
[White "Krueger, Erich"]
[Black "Roemhild, Marcus"]
[Result "1-0"]
[WhiteElo "2091"]
[BlackElo "1991"]
[PlyCount "53"]
[EventDate "2016.??.??"]
[WhiteTeam "SF Katernberg 2"]
[BlackTeam "LSV Turm Lippstadt 1"]

1. d4 Nf6 2. c4 c5 3. d5 b5 4. cxb5 a6 5. bxa6 g6 6. Nc3 Bxa6 7. e4 Bxf1 8.
Kxf1 d6 9. g3 Bg7 10. Nf3 O-O 11. Kg2 Nbd7 12. Qe2 Qb8 13. a4 Ne8 14. Bg5 Qd8
15. Nb5 h6 16. Be3 Nc7 17. Rhb1 Nxb5 18. axb5 Qc7 19. Ra3 Rfb8 20. Bd2 Rxa3 21.
bxa3 Qa7 22. Qd3 Qa4 23. Bc1 c4 24. Qe3 Rxb5 25. Rxb5 Qxb5 26. Nd4 Nc5 27. Nxb5
1-0

[Event "Bahn-SC Wuppertal 1 - SV Erkenschwick 1"]
[Site "NRW-Klasse, Gruppe 1 2015/201"]
[Date "2016.04.03"]
[Round "8.1"]
[White "Bitalzadeh, Ali"]
[Black "Savchenko, Vyacheslav"]
[Result "1/2-1/2"]
[WhiteElo "2363"]
[BlackElo "2325"]
[PlyCount "120"]
[EventDate "2016.??.??"]
[WhiteTeam "SV Erkenschwick 1"]
[BlackTeam "Bahn-SC Wuppertal 1"]

1. c4 e5 2. Nc3 Nf6 3. Nf3 Nc6 4. e3 Be7 5. d4 d6 6. Be2 O-O 7. O-O h6 8. d5
Nb8 9. e4 Nh7 10. c5 Bg4 11. Qb3 Nd7 12. cxd6 Bxd6 13. Be3 b6 14. Qc4 a6 15.
Nd2 Ndf6 16. Bxg4 Nxg4 17. Nd1 Nhf6 18. h3 Nxe3 19. Nxe3 g6 20. Rac1 Nh5 21.
Kh2 f5 22. Nf3 b5 23. Qc2 fxe4 24. Nd2 Nf6 25. Nxe4 Nxe4 26. Qxe4 Kh7 27. g3 h5
28. h4 Rf6 29. Kg2 Qe7 30. Rc6 a5 31. Qd3 Rb8 32. Nd1 b4 33. Qe4 Rbf8 34. Re1
Qd7 35. Re2 Rf3 36. b3 R8f4 37. Qc2 Rf7 38. Ne3 Qe7 39. Nc4 e4 40. Nxd6 cxd6
41. Qd2 Qe5 42. Rc4 Qf5 43. Qc2 Rd3 44. Rcxe4 Qf3+ 45. Kg1 Rxd5 46. R4e3 Qg4
47. Re7 Qf3 48. R7e6 Qd3 49. Kg2 Kg7 50. Qb2+ Qd4 51. Qxd4+ Rxd4 52. Rc2 Rd7
53. Re8 a4 54. bxa4 Ra7 55. Rce2 Kf7 56. R8e3 Rd5 57. a3 Rxa4 58. axb4 Rxb4 59.
Re7+ Kf6 60. R2e6+ Kf5 1/2-1/2

[Event "Bahn-SC Wuppertal 1 - SV Erkenschwick 1"]
[Site "NRW-Klasse, Gruppe 1 2015/201"]
[Date "2016.04.03"]
[Round "8.2"]
[White "Savchenko, Aleksij"]
[Black "Erwich, Marc"]
[Result "1/2-1/2"]
[WhiteElo "2195"]
[BlackElo "2286"]
[Annotator "Hausrath,Daniel"]
[PlyCount "78"]
[EventDate "2016.??.??"]
[WhiteTeam "Bahn-SC Wuppertal 1"]
[BlackTeam "SV Erkenschwick 1"]

1. e4 e5 2. Nf3 Nc6 3. Bb5 a6 4. Ba4 Nf6 5. d3 d6 6. c4 Be7 7. h3 O-O 8. Bxc6
bxc6 9. Nc3 c5 10. a3 Rb8 11. Rb1 a5 12. Bd2 Bd7 13. O-O Re8 14. b3 Bf8 15. Ne1
g6 16. Bg5 h6 17. Bxf6 Qxf6 18. Nd5 Qd8 19. Qf3 Bg7 20. Nc2 Rf8 21. Qe2 c6 22.
Nc3 Qh4 23. Rb2 f5 24. Rfb1 f4 25. f3 Rb7 26. b4 axb4 27. axb4 Rfb8 28. b5 Bf6
29. Na3 Bd8 30. Qf2 Qxf2+ 31. Kxf2 Ba5 32. Nd1 Kf7 33. bxc6 Rxb2+ 34. Rxb2 $11
Rxb2+ 35. Nxb2 Bxc6 36. Nb5 Ke7 37. Ke2 g5 38. Nd1 h5 39. Ndc3 Bxc3 1/2-1/2

[Event "Bahn-SC Wuppertal 1 - SV Erkenschwick 1"]
[Site "NRW-Klasse, Gruppe 1 2015/201"]
[Date "2016.04.03"]
[Round "8.3"]
[White "Erwich, Frank"]
[Black "Bashilin, Roman"]
[Result "1/2-1/2"]
[WhiteElo "2329"]
[BlackElo "2230"]
[PlyCount "60"]
[EventDate "2016.??.??"]
[WhiteTeam "SV Erkenschwick 1"]
[BlackTeam "Bahn-SC Wuppertal 1"]

1. e4 e6 2. d4 d5 3. Nc3 Bb4 4. exd5 exd5 5. Bd3 Nc6 6. a3 Be7 7. Be3 Bf6 8.
Qh5 Be6 9. Nge2 Qd7 10. h3 Nge7 11. O-O-O O-O-O 12. Na4 Nxd4 13. Nxd4 Qxa4 14.
Nxe6 fxe6 15. Qg4 Qxg4 16. hxg4 h6 17. f4 a6 18. Rde1 Nc6 19. Rh3 e5 20. Bf5+
Kb8 21. g5 hxg5 22. fxg5 Rxh3 23. gxh3 Be7 24. h4 Rh8 25. Be6 d4 26. Bf2 Rf8
27. Bg3 Bd6 28. Bd5 Ne7 29. Be4 Nf5 30. Bf2 Ne7 1/2-1/2

[Event "Bahn-SC Wuppertal 1 - SV Erkenschwick 1"]
[Site "NRW-Klasse, Gruppe 1 2015/201"]
[Date "2016.04.03"]
[Round "8.4"]
[White "Ries, Benjamin"]
[Black "Langers, Alexander"]
[Result "1-0"]
[WhiteElo "2174"]
[BlackElo "2201"]
[PlyCount "97"]
[EventDate "2016.??.??"]
[WhiteTeam "Bahn-SC Wuppertal 1"]
[BlackTeam "SV Erkenschwick 1"]

1. d4 d5 2. c4 e6 3. Nc3 Nf6 4. cxd5 exd5 5. Bg5 Be7 6. e3 Nbd7 7. Bd3 c6 8.
Nf3 Nf8 9. Qc2 Ne6 10. Bh4 g6 11. O-O Ng7 12. Rab1 a5 13. h3 O-O 14. a3 Bf5 15.
b4 Bxd3 16. Qxd3 Nf5 17. Bxf6 Bxf6 18. b5 Nd6 19. Nd2 Be7 20. a4 Qd7 21. bxc6
bxc6 22. Rfc1 f5 23. Rc2 Rf6 24. Ne2 Ne4 25. Nf3 Bb4 26. Ne5 Qe8 27. Rbc1 c5
28. Nf4 Rd8 29. f3 Ng5 30. Rxc5 Bxc5 31. Rxc5 Qxa4 32. Nxd5 Re6 33. Kh2 Nf7 34.
Nc4 Nd6 35. Nxa5 Kh8 36. Nf4 Ree8 37. Nc6 Rc8 38. d5 Qa1 39. Rc3 Nb5 40. Rb3
Nd6 41. Rb6 Rc7 42. Ne6 Rd7 43. Qb3 Qf6 44. Rb8 Nc8 45. f4 h6 46. Ne5 Rde7 47.
Qc3 Rxe6 48. dxe6 Qxe6 49. Nd7+ 1-0

[Event "Bahn-SC Wuppertal 1 - SV Erkenschwick 1"]
[Site "NRW-Klasse, Gruppe 1 2015/201"]
[Date "2016.04.03"]
[Round "8.5"]
[White "Homs, Guust"]
[Black "Tueckmantel, Rene"]
[Result "1/2-1/2"]
[WhiteElo "2186"]
[BlackElo "2116"]
[PlyCount "41"]
[EventDate "2016.??.??"]
[WhiteTeam "SV Erkenschwick 1"]
[BlackTeam "Bahn-SC Wuppertal 1"]

1. e4 e5 2. Nf3 Nc6 3. Nc3 Nf6 4. d4 exd4 5. Nxd4 d6 6. Nxc6 bxc6 7. Bc4 Be7 8.
O-O O-O 9. Bf4 Be6 10. Bb3 d5 11. Qe2 d4 12. Rad1 c5 13. Nb5 Bxb3 14. axb3 Bd6
15. Nxd6 cxd6 16. c3 Re8 17. f3 Nd5 18. Qd2 Nxf4 19. Qxf4 Qb6 20. cxd4 cxd4 21.
Rd3 1/2-1/2

[Event "Bahn-SC Wuppertal 1 - SV Erkenschwick 1"]
[Site "NRW-Klasse, Gruppe 1 2015/201"]
[Date "2016.04.03"]
[Round "8.6"]
[White "Werbeck, Torsten"]
[Black "Krings, Christoph"]
[Result "0-1"]
[WhiteElo "2064"]
[BlackElo "2122"]
[PlyCount "102"]
[EventDate "2016.??.??"]
[WhiteTeam "Bahn-SC Wuppertal 1"]
[BlackTeam "SV Erkenschwick 1"]

1. d4 e6 2. c4 f5 3. g3 Nf6 4. Bg2 d5 5. Nf3 c6 6. O-O Bd6 7. b3 O-O 8. Ba3
Bxa3 9. Nxa3 Bd7 10. Rb1 Be8 11. Qc2 Nbd7 12. cxd5 exd5 13. e3 Ne4 14. Qb2 Bh5
15. Nc2 Bxf3 16. Bxf3 Nd2 17. Bg2 Nxf1 18. Rxf1 Qf6 19. Ne1 Qd6 20. Nd3 g5 21.
b4 a6 22. a4 Nb6 23. Ra1 Nc4 24. Qc3 Rae8 25. a5 Re7 26. Nc5 Qg6 27. Rc1 Nd6
28. Nd3 Qf6 29. Re1 Rfe8 30. Bf3 Rf8 31. Bg2 Rg7 32. f4 h5 33. Ne5 h4 34. fxg5
Qxg5 35. Nf3 Qg4 36. Nxh4 Re8 37. Kh1 Ne4 38. Bxe4 Qxe4+ 39. Ng2 Re6 40. Kg1
Rh6 41. Re2 f4 42. gxf4 Qf3 43. Rf2 Qh3 44. Kf1 Qxh2 45. Ne1 Qg1+ 46. Ke2 Rh2
47. Nd3 Rgg2 48. Qe1 Rxf2+ 49. Nxf2 Qg4+ 50. Kd3 Qf3 51. Nd1 Qe4+ 0-1

[Event "Bahn-SC Wuppertal 1 - SV Erkenschwick 1"]
[Site "NRW-Klasse, Gruppe 1 2015/201"]
[Date "2016.04.03"]
[Round "8.7"]
[White "Eggenstein, Frank"]
[Black "Bogorad, Michail"]
[Result "1/2-1/2"]
[WhiteElo "1963"]
[BlackElo "2041"]
[Annotator "Hausrath,Daniel"]
[PlyCount "101"]
[EventDate "2016.??.??"]
[WhiteTeam "SV Erkenschwick 1"]
[BlackTeam "Bahn-SC Wuppertal 1"]

1. e4 c5 2. Nf3 g6 3. d4 Bg7 4. dxc5 Qa5+ 5. c3 Qxc5 6. Na3 Nf6 7. Bd3 d6 8.
Be3 Qa5 9. h3 Nc6 10. O-O O-O 11. Qd2 Rd8 12. Bh6 Bh8 13. Qe2 Qh5 14. Bf4 Nd7
15. Qe3 Qc5 16. Qe2 Bg7 17. Rfe1 a6 18. Rad1 b5 19. g4 Nce5 20. Nxe5 Nxe5 21.
Be3 Qc6 22. Bb1 Bb7 23. f3 Nc4 24. Nxc4 bxc4 25. Bd4 e5 26. Be3 Qb5 27. Rd2 Rd7
28. Red1 Rad8 29. a3 d5 30. exd5 Bxd5 31. Be4 Bxe4 32. Rxd7 Rxd7 33. Rxd7 Qxd7
34. fxe4 $11 Qc6 35. Qc2 Bf8 36. Kf1 Bc5 37. Bxc5 Qxc5 38. Qd2 Kg7 39. g5 Qe7
40. h4 f6 41. Kg2 Qe6 42. Qd8 Qg4+ 43. Kf1 Qf4+ 44. Kg1 Qc1+ 45. Kg2 Qxb2+ 46.
Kg1 Qc1+ 47. Kg2 fxg5 48. hxg5 Qf4 49. Qe7+ Kg8 50. Qe8+ Kg7 51. Qe7+ 1/2-1/2

[Event "Bahn-SC Wuppertal 1 - SV Erkenschwick 1"]
[Site "NRW-Klasse, Gruppe 1 2015/201"]
[Date "2016.04.03"]
[Round "8.8"]
[White "Peters, Ortwin"]
[Black "Strozewski, Frank"]
[Result "0-1"]
[WhiteElo "1944"]
[BlackElo "1950"]
[PlyCount "120"]
[EventDate "2016.??.??"]
[WhiteTeam "Bahn-SC Wuppertal 1"]
[BlackTeam "SV Erkenschwick 1"]

1. c4 d6 2. Nc3 c5 3. g3 Nc6 4. Bg2 g6 5. Nf3 Bg7 6. O-O e5 7. d3 Nge7 8. Ne1
O-O 9. Nc2 Be6 10. Ne3 Qd7 11. Ned5 f5 12. f4 Rae8 13. Rb1 h6 14. a3 Kh7 15. b4
b6 16. Bd2 Bg8 17. Qa4 Nxd5 18. cxd5 Nb8 19. Qxd7 Nxd7 20. e4 exf4 21. gxf4 a6
22. bxc5 Bd4+ 23. Kh1 Bxc5 24. a4 Nf6 25. h3 Nh5 26. Kh2 Re7 27. Ne2 Bxd5 28.
d4 Bxe4 29. dxc5 Bxb1 30. Nc3 Bd3 31. cxd6 Rd7 32. Re1 Bc4 33. Nd5 b5 34. axb5
axb5 35. Bb4 Rb8 36. Nc7 Nf6 37. Bc6 Rf7 38. Re5 Nd7 39. Re7 Nf6 40. Re5 g5 41.
fxg5 hxg5 42. Rxf5 Kg6 43. Re5 Rh8 44. Kg2 Bf1+ 45. Kg1 Rxh3 46. Re6 Bc4 47. d7
Rxd7 48. Rxf6+ Kxf6 49. Bxd7 Rb3 50. Bc5 b4 51. Bd4+ Ke7 52. Bb5 Bxb5 53. Nxb5
Ke6 54. Kf2 Kd5 55. Be3 g4 56. Ke2 g3 57. Nd4 Rc3 58. Kd2 Ke4 59. Nc2 Rd3+ 60.
Ke2 b3 0-1

[Event "SC Rochade Emsdetten 1 - PSV Duisburg 1"]
[Site "NRW-Klasse, Gruppe 1 2015/201"]
[Date "2016.04.03"]
[Round "8.1"]
[White "Maslak, Sulejman"]
[Black "Kabatianski, Alexander"]
[Result "1/2-1/2"]
[WhiteElo "2301"]
[BlackElo "2378"]
[PlyCount "122"]
[EventDate "2016.??.??"]
[WhiteTeam "PSV Duisburg 1"]
[BlackTeam "SC Rochade Emsdetten 1"]

1. c4 c5 2. Nc3 Nf6 3. g3 d5 4. cxd5 Nxd5 5. Bg2 Nc7 6. Nf3 Nc6 7. O-O e5 8. b3
Be7 9. Bb2 O-O 10. Rc1 f6 11. Na4 Na6 12. e3 Bg4 13. h3 Bh5 14. g4 Bf7 15. d4
exd4 16. exd4 Qa5 17. Nh4 cxd4 18. Nf5 Rfe8 19. Rxc6 bxc6 20. Bxc6 Bf8 21. Bxa8
Rxa8 22. Qxd4 Nc7 23. Bc3 Qa6 24. f4 Nd5 25. Ne3 Nxe3 26. Qxe3 Re8 27. Qd4 Qb7
28. Rf2 Qc7 29. Kh2 Rd8 30. Qe3 Qc6 31. Bd4 Re8 32. Qf3 Bd5 33. Qd1 Bb4 34. Qc2
Qe6 35. Nc5 Qe1 36. Nd3 Qh1+ 37. Kg3 Bd6 38. Kh4 h6 39. f5 Be4 40. Qc1 Qxc1 41.
Nxc1 Rc8 42. Ne2 Bb4 43. Ng3 Bb1 44. Rb2 Bd3 45. Bxa7 Be1 46. Rg2 Kf7 47. Be3
Bb4 48. Nh5 Ra8 49. Nf4 Bb1 50. a4 Rb8 51. Bd2 Bc5 52. b4 Bxb4 53. a5 Bd6 54.
a6 Ra8 55. Rg1 Ba2 56. Rc1 Rxa6 57. Rc8 Bxf4 58. Bxf4 Bb3 59. Be3 Bd5 60. Bc5
Ra8 61. Rxa8 Bxa8 1/2-1/2

[Event "SC Rochade Emsdetten 1 - PSV Duisburg 1"]
[Site "NRW-Klasse, Gruppe 1 2015/201"]
[Date "2016.04.03"]
[Round "8.3"]
[White "Sponheim, Marko"]
[Black "Paalman, Henk-Jan"]
[Result "1/2-1/2"]
[WhiteElo "1972"]
[BlackElo "2128"]
[PlyCount "50"]
[EventDate "2016.??.??"]
[WhiteTeam "PSV Duisburg 1"]
[BlackTeam "SC Rochade Emsdetten 1"]

1. e4 e6 2. d4 d5 3. Nc3 Nf6 4. exd5 exd5 5. Bd3 h6 6. Nf3 Bd6 7. O-O O-O 8. h3
Nc6 9. Re1 Nb4 10. Nb5 Nxd3 11. Qxd3 Bb4 12. c3 Be7 13. Bf4 a6 14. Qe2 axb5 15.
Qxe7 Qxe7 16. Rxe7 c6 17. a3 Re8 18. Rxe8+ Nxe8 19. Be5 Bf5 20. Re1 f6 21. Bg3
Kf7 22. Nd2 Rd8 23. f3 Nd6 24. Bxd6 Rxd6 25. Kf2 Re6 1/2-1/2

[Event "SC Rochade Emsdetten 1 - PSV Duisburg 1"]
[Site "NRW-Klasse, Gruppe 1 2015/201"]
[Date "2016.04.03"]
[Round "8.4"]
[White "Mueller, Achim"]
[Black "Sirringhaus, Wilfried"]
[Result "0-1"]
[WhiteElo "2034"]
[BlackElo "2054"]
[PlyCount "106"]
[EventDate "2016.??.??"]
[WhiteTeam "SC Rochade Emsdetten 1"]
[BlackTeam "PSV Duisburg 1"]

1. e4 e5 2. Nf3 Nc6 3. d4 exd4 4. Bc4 Nf6 5. e5 d5 6. Bb5 Ne4 7. Nxd4 Bc5 8.
Be3 Bd7 9. Bxc6 bxc6 10. O-O O-O 11. f3 Ng5 12. f4 Ne4 13. Nd2 Qe7 14. Nxe4
dxe4 15. Qe1 f6 16. Nb3 Bxe3+ 17. Qxe3 fxe5 18. Qxe4 Rae8 19. Rae1 Qh4 20. Nc5
exf4 21. Qc4+ Rf7 22. g3 Qd8 23. Rd1 Ree7 24. Rxf4 Qe8 25. Rdf1 Bh3 26. Rxf7
Rxf7 27. Qxf7+ Qxf7 28. Rxf7 Kxf7 29. Kf2 Bf5 30. c3 Kf6 31. Ke3 Bc8 32. Kf4
g5+ 33. Ke4 Bh3 34. Nb3 Be6 35. Nd4 Bd5+ 36. Ke3 a6 37. a3 c5 38. Nc2 Kf5 39.
Ne1 Kg4 40. Kf2 Kh3 41. Nd3 Kxh2 42. Nxc5 h5 43. Nd3 Be4 44. Ne5 g4 45. b4 Bf5
46. c4 h4 47. Nxg4+ Bxg4 48. gxh4 Be6 49. c5 Bf7 50. Kf3 Kh3 51. Kf4 Kxh4 52.
Ke5 Kg5 53. c6 Bb3 0-1

[Event "SC Rochade Emsdetten 1 - PSV Duisburg 1"]
[Site "NRW-Klasse, Gruppe 1 2015/201"]
[Date "2016.04.03"]
[Round "8.5"]
[White "Brueggemann, Josef"]
[Black "Hiller, Simon"]
[Result "0-1"]
[WhiteElo "1984"]
[BlackElo "2071"]
[PlyCount "54"]
[EventDate "2016.??.??"]
[WhiteTeam "PSV Duisburg 1"]
[BlackTeam "SC Rochade Emsdetten 1"]

1. e4 c6 2. d3 d5 3. Nd2 e5 4. Ngf3 Bd6 5. d4 exd4 6. exd5 Nf6 7. Nxd4 Nxd5 8.
Ne4 Be7 9. Be2 O-O 10. O-O a5 11. c4 Nf6 12. Nc3 Na6 13. Be3 Nc5 14. h3 Qc7 15.
Qc2 Re8 16. a3 Bf8 17. b4 Ne6 18. b5 Nxd4 19. Bxd4 Qf4 20. Be3 Rxe3 21. fxe3
Qxe3+ 22. Kh1 Bd6 23. Rxf6 gxf6 24. Ne4 Be5 25. Rf1 f5 26. Bh5 fxe4 27. Rxf7
Qe1+ 0-1

[Event "SC Rochade Emsdetten 1 - PSV Duisburg 1"]
[Site "NRW-Klasse, Gruppe 1 2015/201"]
[Date "2016.04.03"]
[Round "8.6"]
[White "Topp, Michael"]
[Black "Spitzer, Erwin"]
[Result "1-0"]
[WhiteElo "2026"]
[BlackElo "1959"]
[PlyCount "69"]
[EventDate "2016.??.??"]
[WhiteTeam "SC Rochade Emsdetten 1"]
[BlackTeam "PSV Duisburg 1"]

1. c4 e5 2. g3 d6 3. Bg2 c6 4. d4 Be6 5. b3 Qc7 6. Nf3 h6 7. Nc3 Be7 8. O-O f6
9. Qd3 g5 10. Qg6+ Kf8 11. dxe5 dxe5 12. Bb2 h5 13. Nxg5 fxg5 14. Qxe6 Qd7 15.
Qxe5 Bf6 16. Qc5+ Kg7 17. Rad1 Qf7 18. f4 g4 19. e4 h4 20. e5 Be7 21. Qe3 Qh5
22. Ne4 hxg3 23. e6+ Kf8 24. hxg3 Rh6 25. f5 Na6 26. Rd7 Rd8 27. Rxd8+ Bxd8 28.
Qd4 Bf6 29. Nxf6 Qh2+ 30. Kf2 Nxf6 31. Qd8+ Ne8 32. Bg7+ Kxg7 33. Qe7+ Kg8 34.
Qxe8+ Kh7 35. Qf7+ 1-0

[Event "SC Rochade Emsdetten 1 - PSV Duisburg 1"]
[Site "NRW-Klasse, Gruppe 1 2015/201"]
[Date "2016.04.03"]
[Round "8.7"]
[White "Carl, Erich"]
[Black "Lemli, Thomas"]
[Result "0-1"]
[WhiteElo "1996"]
[BlackElo "1992"]
[PlyCount "98"]
[EventDate "2016.??.??"]
[WhiteTeam "PSV Duisburg 1"]
[BlackTeam "SC Rochade Emsdetten 1"]

1. e4 c6 2. d4 d5 3. e5 Bf5 4. Ne2 e6 5. Ng3 Bg6 6. c4 Nd7 7. Nc3 Ne7 8. Bg5 h6
9. Bxe7 Bxe7 10. Be2 dxc4 11. Bxc4 Nb6 12. Bb3 O-O 13. O-O Qd7 14. Qg4 Rfd8 15.
Rad1 Nd5 16. Nxd5 cxd5 17. f4 Rac8 18. f5 exf5 19. Nxf5 Bf8 20. h4 h5 21. Qf3
a5 22. a4 b5 23. Ne3 Be4 24. Qxh5 bxa4 25. Ba2 Rc6 26. Rf4 Rh6 27. Qe2 Qe7 28.
Rdf1 Rxh4 29. Rxf7 Qg5 30. Nxd5 Rg4 31. Rxf8+ Kh7 32. Qxe4+ Rxe4 33. Bb1 Rxf8
34. Bxe4+ Kg8 35. Bf3 Qd2 36. Ne7+ Kf7 37. Nc6 Rh8 38. Bh5+ Ke6 39. d5+ Kxd5
40. Rd1 Qxd1+ 41. Bxd1 Kxc6 42. Bxa4+ Kd5 43. Kf2 Kxe5 44. Ke3 Kd5 45. b3 Kc5
46. Kf4 Kd4 47. g4 Rf8+ 48. Kg5 Rf6 49. Kh5 Kc3 0-1

[Event "SC Rochade Emsdetten 1 - PSV Duisburg 1"]
[Site "NRW-Klasse, Gruppe 1 2015/201"]
[Date "2016.04.03"]
[Round "8.8"]
[White "Boehlich, Daniel"]
[Black "Sommer, Hans-Dieter"]
[Result "1/2-1/2"]
[WhiteElo "1944"]
[BlackElo "1673"]
[PlyCount "62"]
[EventDate "2016.??.??"]
[WhiteTeam "SC Rochade Emsdetten 1"]
[BlackTeam "PSV Duisburg 1"]

1. d4 Nf6 2. c4 e6 3. Nc3 Bb4 4. Qc2 O-O 5. a3 Bxc3+ 6. Qxc3 d5 7. Bg5 c6 8. e3
Nbd7 9. Nf3 Qc7 10. Bf4 Qd8 11. Bd3 Ne4 12. Qc2 f5 13. O-O Ndf6 14. h3 Bd7 15.
Rac1 Rc8 16. c5 Be8 17. Ne5 Nd7 18. f3 Nxe5 19. Bxe5 Ng5 20. b4 Nf7 21. Bg3 Qf6
22. Rb1 a6 23. a4 Bd7 24. Qc3 Rfe8 25. b5 axb5 26. axb5 e5 27. bxc6 Bxc6 28.
Rb6 Qg5 29. Bf2 e4 30. fxe4 fxe4 31. Be2 Nh6 1/2-1/2

[Event "SK Königsspringer Iserlohn 1 - SK Werth"]
[Site "NRW-Klasse, Gruppe 1 2015/201"]
[Date "2016.04.03"]
[Round "8.1"]
[White "Suchland, Marko"]
[Black "Scheider, Julian"]
[Result "1/2-1/2"]
[WhiteElo "2134"]
[BlackElo "2290"]
[PlyCount "150"]
[EventDate "2016.??.??"]
[WhiteTeam "SK Werther 1"]
[BlackTeam "SK Königsspringer Iserlohn 1"]

1. c4 e5 2. g3 Nf6 3. Bg2 d5 4. cxd5 Nxd5 5. Nf3 Nc6 6. O-O Be7 7. d4 exd4 8.
Nxd4 Nxd4 9. Qxd4 Nf6 10. Qa4+ c6 11. Rd1 Qb6 12. Be3 Bc5 13. Bxc5 Qxc5 14. Qd4
Qe7 15. Nc3 O-O 16. Qd6 Re8 17. Qxe7 Rxe7 18. Rd8+ Re8 19. Rxe8+ Nxe8 20. Rd1
Be6 21. b4 Kf8 22. a4 a6 23. Ne4 Ke7 24. Nc5 Nd6 25. a5 Rd8 26. e4 f6 27. f4
Bc8 28. Bf1 Nb5 29. Rxd8 Kxd8 30. Bxb5 cxb5 31. Kf2 Kc7 32. f5 b6 33. axb6+
Kxb6 34. Nb3 Kc6 35. Ke3 Kd6 36. Kd4 Bd7 37. Nc5 Bc8 38. g4 Kc6 39. h4 h6 40.
Nb3 Kd6 41. Na5 Bd7 42. Nb7+ Kc6 43. Nc5 Bc8 44. Nd3 Kb6 45. e5 fxe5+ 46. Kxe5
a5 47. bxa5+ Kxa5 48. g5 hxg5 49. hxg5 Bd7 50. Nc5 b4 51. Nxd7 b3 52. f6 gxf6+
53. gxf6 b2 54. f7 b1=Q 55. f8=Q Qb2+ 56. Kd6 Qd4+ 57. Kc6 Qe4+ 58. Kc7 Qc4+
59. Kd8 Qh4+ 60. Nf6 Qd4+ 61. Ke8 Qe5+ 62. Kf7 Qc7+ 63. Ke6 Qc6+ 64. Kf5 Qf3+
65. Kg6 Qg3+ 66. Kh7 Qh3+ 67. Kg8 Qg3+ 68. Kf7 Qc7+ 69. Ke6 Qc6+ 70. Ke5 Qc3+
71. Kd5 Qd3+ 72. Kc6 Qb5+ 73. Kc7 Qb6+ 74. Kd7 Qb7+ 75. Ke6 Qc6+ 1/2-1/2